000 00341 a2200157 4500
001 189543
020 _a978-85-260-2336-9
040 _cMagnum
100 _aQueirós, Bartolomeu Campos de
240 1 0 _aVermelho amargo
_lpor
245 1 0 _aVermelho amargo
300 _a69
362 0 _a2017
697 _aLITERATURA GERAL
942 _cBK
999 _c189543
_d189543